00354 a2200121 4500001001000000005001700010008004100027245003500068100002300103700002200126773006700148999001700215ART_1284320260410161733.0260409a 10aLa hiperinflación tan temida1 aGauto, Martín E.1 aRossi, Rodolfo C.0 tEjecutivos de finanzasg- Año 7, Nº 57 (jul. 1989)wREV2863 c18072d18072